000 00306nam a2200133Ia 4500
005 20251222155206.0
008 251222s9999||||xx |||||||||||||| ||spa||
082 _aLEN.62
100 _aDEL VALLE INCLAN,Ramón.
245 0 _aTirano Banderas
250 _a1ra. ed.
264 _bEl comercio
942 _cLIB
999 _c40114
_d40114